<?xml version="1.0" encoding="UTF-8"?>
<record
    xmlns:xsi="http://www.w3.org/2001/XMLSchema-instance"
    xsi:schemaLocation="http://www.loc.gov/MARC21/slim http://www.loc.gov/standards/marcxml/schema/MARC21slim.xsd"
    xmlns="http://www.loc.gov/MARC21/slim">

  <leader>02295nam a22002897a 4500</leader>
  <controlfield tag="003">OSt</controlfield>
  <controlfield tag="005">20220818120320.0</controlfield>
  <controlfield tag="008">180816b        xxu||||| |||| 00| 0 eng d</controlfield>
  <datafield tag="010" ind1=" " ind2=" ">
    <subfield code="a">2006026472</subfield>
  </datafield>
  <datafield tag="020" ind1=" " ind2=" ">
    <subfield code="a">9780781781572</subfield>
  </datafield>
  <datafield tag="020" ind1=" " ind2=" ">
    <subfield code="a">0781781574</subfield>
  </datafield>
  <datafield tag="040" ind1=" " ind2=" ">
    <subfield code="c">LC</subfield>
  </datafield>
  <datafield tag="050" ind1=" " ind2=" ">
    <subfield code="a"> RT41.T3961</subfield>
  </datafield>
  <datafield tag="100" ind1=" " ind2=" ">
    <subfield code="a">Carol, Taylor.</subfield>
    <subfield code="9">209</subfield>
  </datafield>
  <datafield tag="245" ind1=" " ind2=" ">
    <subfield code="a">Fundamentals of nursing: the art and science of person-centered nursing care. /</subfield>
    <subfield code="c">Carol Taylor ...[et. al]</subfield>
  </datafield>
  <datafield tag="250" ind1=" " ind2=" ">
    <subfield code="a">6th ed.</subfield>
  </datafield>
  <datafield tag="260" ind1=" " ind2=" ">
    <subfield code="a">Philadelphia:</subfield>
    <subfield code="b">Wolters Kluwer,</subfield>
    <subfield code="c">2008.</subfield>
  </datafield>
  <datafield tag="300" ind1=" " ind2=" ">
    <subfield code="a">xxxiii,1742 [+79] p. :</subfield>
    <subfield code="b">ills ;</subfield>
    <subfield code="c">28 cm.</subfield>
  </datafield>
  <datafield tag="500" ind1=" " ind2=" ">
    <subfield code="a">Includes references and index.</subfield>
  </datafield>
  <datafield tag="505" ind1=" " ind2=" ">
    <subfield code="a">Content: Foundations of nursing practice: Introduction to nursing -- Health of the individual, family and community -- Cultural diversity -- Health and illness -- Theory, research and evidence-based practice -- Values and, ethics and advocacy -- Legal implications of nursing -- Community-based settings for patient care: Healthcare delivery systems -- Continuity of care -- Home healthcare -- The nursing process: Blended skills and critical thinking throughout the nursing process -- Assessing -- Diagnosing -- Outcome identification and planning -- Implementing -- Evaluating -- Documenting, reporting and conferring -- Promoting health across the life span: Developmental concepts -- Conception through young adult -- The aging adult -- Roles basic to nursing care: Communicator -- Teacher and counselor -- Leader and manager -- Actions basic to nursing care: Vital signs -- Health assessment -- Safety, security and emergency preparedness -- Asepsis and infection control -- Complementary and alternative therapies -- Medications -- Perioperative nursing -- Promoting healthy psychosocial responses: Self-concept -- Stress and adaptation -- Loss, grief and dying -- Sensory stimulation - Sexuality -- Spiritually -- Promoting healthy physiologic responses: Hygiene -- Skin integrity and wound care -- Activity -- Rest and sleep -- Comfort -- Nutrition -- Urinary elimination -- Bowel elimination -- Oxygenation -- Fluid, electrolyte and acid-base balance -- </subfield>
  </datafield>
  <datafield tag="650" ind1=" " ind2=" ">
    <subfield code="2">Nursing care</subfield>
  </datafield>
  <datafield tag="650" ind1=" " ind2=" ">
    <subfield code="2">Nursing process</subfield>
  </datafield>
  <datafield tag="700" ind1=" " ind2=" ">
    <subfield code="a">Lillis, Carol.</subfield>
    <subfield code="9">210</subfield>
  </datafield>
  <datafield tag="700" ind1=" " ind2=" ">
    <subfield code="a">LeMone, Priscilla</subfield>
    <subfield code="9">211</subfield>
  </datafield>
  <datafield tag="700" ind1=" " ind2=" ">
    <subfield code="a">Lynn, Pamela</subfield>
    <subfield code="9">201</subfield>
  </datafield>
  <datafield tag="942" ind1=" " ind2=" ">
    <subfield code="2">lcc</subfield>
    <subfield code="c">BK</subfield>
  </datafield>
  <datafield tag="999" ind1=" " ind2=" ">
    <subfield code="c">9158</subfield>
    <subfield code="d">16658</subfield>
  </datafield>
  <datafield tag="952" ind1=" " ind2=" ">
    <subfield code="0">0</subfield>
    <subfield code="1">0</subfield>
    <subfield code="2">lcc</subfield>
    <subfield code="4">0</subfield>
    <subfield code="7">0</subfield>
    <subfield code="a">WIUC-KL</subfield>
    <subfield code="b">WIUC-KL</subfield>
    <subfield code="c">NURS L.</subfield>
    <subfield code="d">2019-11-27</subfield>
    <subfield code="l">0</subfield>
    <subfield code="o"> RT41.T3961(6e)</subfield>
    <subfield code="p">KSN/827/827/19</subfield>
    <subfield code="r">2022-08-18 00:00:00</subfield>
    <subfield code="w">2022-08-18</subfield>
    <subfield code="y">BK</subfield>
  </datafield>
</record>
